000 00767nam a2200193Ia 4500
001 11395
003 GE_BSU
008 181216s||||||||xx |||||||||||||| ||und||
040 _cGE_BSU
080 _a581.522.4
245 _aმცენარეთა ინტროდუქციისა და მწვანე მშენებლობის საკითხები
245 _cრედ: მ. გოგოლიშვილი
260 _aთბილისი.
260 _bმეცნიერება.
260 _c1970
300 _a140გვ.25სმ.
653 _aმცენარეთა ინტროდუქციისა და მწვანე მშენებლობის საკითხები
942 _cBK
999 _c44592
_d44592